Cincuenta años del asesinato de Lorca / (Record no. 196502)

MARC details
000 -LEADER
campo de control de longitud fija 02828nam a2200433 i 4500
001 - NÚMERO DE CONTROL
campo de control 196502
003 - IDENTIFICADOR DE NÚMERO DE CONTROL
campo de control ES-MaACL
005 - FECHA Y HORA DE LA ÚLTIMA TRANSACCIÓN
campo de control 20250704063127.0
007 - CAMPO FIJO DE DESCRIPCIÓN FÍSICA--INFORMACIÓN GENERAL
campo de control de longitud fija ta
008 - DATOS DE LONGITUD FIJA--INFORMACIÓN GENERAL
campo de control de longitud fija 241003e1986 sp ||||| |||| 00| 0 spa d
017 ## - NÚMERO DE COPYRIGHT O DE DEPÓSITO LEGAL
Número de copyright o de depósito legal M-13-58
Agencia que asigna ES-MaACL
040 ## - FUENTE DE CATALOGACIÓN
Lengua de catalogación spa
Centro/agencia transcriptor ES-MaACL
Centro/agencia modificador ES-MaACL
245 00 - MENCIÓN DEL TÍTULO
Título Cincuenta años del asesinato de Lorca /
Mención de responsabilidad, etc. Miguel García-Posada, Manuel Fernández-Montesinos, Antonio Carvajal ... [et al.]
246 1# - FORMA VARIANTE DEL TITULO
Título propio/Titulo breve 50 años del asesinato de Lorca
260 ## - PUBLICACIÓN, DISTRIBUCIÓN, ETC.
Lugar de publicación, distribución, etc. Madrid :
Nombre del editor, distribuidor, etc. Los Domingos de ABC,
Fecha de publicación, distribución, etc. 1986
300 ## - DESCRIPCIÓN FÍSICA
Extensión 55 páginas ;
Otras características físicas ilustraciones (color y negro) ;
Dimensiones 30 cm
336 ## - TIPO DE CONTENIDO
Fuente rdacontent
Término de tipo de contenido texto
337 ## - TIPO DE MEDIO
Fuente rdamedia
Nombre/término del tipo de medio sin mediación
338 ## - TIPO DE SOPORTE
Fuente rdacarrier
Nombre/término del tipo de soporte volumen
490 1# - MENCIÓN DE SERIE
Mención de serie ;
Designación de volumen o secuencia 954
500 ## - NOTA GENERAL
Nota general Número especial de "Los Domingos de ABC" dedicado a Lorca, 17/8/1986
505 0# - NOTA DE CONTENIDO CON FORMATO
Nota de contenido con formato Autógrafo "Álbum blanco"; Notas al texto de "Álbum blanco"; "Álbum blanco": una suite inédita de Lorca / Miguel García-Posada - Carta a Gerardo Diego - "Madrigal apasionado" / edición y notas de Manuel Fernández-Montesinos - Como madre sangrada / Antonio Carvajal - Mi último recuerdo de Federico / José Luis Cano - El pensamiento de Federico / Charles Marcilly - Sobre el "Romance sonámbulo" / Fernando Lázaro Carreter - Antología poética / Federico García Lorca - Sonetos de amor / Luis María Ansón - Situación de la obra lorquiana / Carlos Bousoño - El soneto "El poeta pregunta a su amor por la ciudad encantada de Cuenca" / Julio Huélamo Kosma - Un poeta reunido / Arturo del Hoyo - Las máscaras del drama / Ricardo Gullón - Federico en América / Francisco Giner de los Ríos - "Doña Rosita la soltera": crónica de una ciudad / Antonina Rodrigo - Federico en persona. Biografía cronológica de Federico García Lorca / Miguel García-Posada
530 ## - NOTA DISPONIBLE DE FORMULARIO FÍSICO ADICIONAL
Nota de formato físico adicional disponible Disponible en formato digital
600 14 - PUNTO DE ACCESO ADICIONAL DE MATERIA--NOMBRE DE PERSONA
Nombre de persona García Lorca, Federico,
Fechas asociadas al nombre 1898-1936-
Subdivisión general Crítica e interpretación
9 (RLIN) 54857
600 14 - PUNTO DE ACCESO ADICIONAL DE MATERIA--NOMBRE DE PERSONA
Nombre de persona García Lorca, Federico,
Fechas asociadas al nombre 1898-1936-
Subdivisión de forma Homenajes
9 (RLIN) 138815
600 14 - PUNTO DE ACCESO ADICIONAL DE MATERIA--NOMBRE DE PERSONA
Nombre de persona García Lorca, Federico,
Fechas asociadas al nombre 1898-1936-
Subdivisión general Biografías
9 (RLIN) 54854
655 #7 - TERMINO DE INDIZACIÓN--GENERO/FORMA
Fuente del término tgfbne
9 (RLIN) 176539
Datos o término principal de género/forma Poesías
700 1# - ENTRADA AGREGADA--NOMBRE PERSONAL
9 (RLIN) 54853
Nombre de persona García Lorca, Federico,
Fechas asociadas al nombre 1898-1936
Término indicativo de función/relación Autor
700 1# - ENTRADA AGREGADA--NOMBRE PERSONAL
9 (RLIN) 55131
Nombre de persona García-Posada, Miguel,
Fechas asociadas al nombre 1944-2012
Término indicativo de función/relación Autor
700 1# - ENTRADA AGREGADA--NOMBRE PERSONAL
9 (RLIN) 139805
Nombre de persona Fernández-Montesinos, Manuel,
Fechas asociadas al nombre 1932-2013
Término indicativo de función/relación Autor
700 1# - ENTRADA AGREGADA--NOMBRE PERSONAL
9 (RLIN) 35927
Nombre de persona Carvajal, Antonio,
Fechas asociadas al nombre 1943-
Término indicativo de función/relación Autor
852 ## - LOCALIZACIÓN
Ubicación ES-MaACL
Ubicación en estantería Depósito folletos
Número de control de estantería FOLL-BUE-11
Donativo/Legado Legado: Antonio Buero Vallejo
itemnumber 204218
856 4# - LOCALIZACIÓN Y ACCESO ELECTRÓNICOS
Identificador Uniforme de Recursos <a href=" http://www.march.es/Recursos_Web/Culturales/teatro/Prensa/ABC17191.pdf"> http://www.march.es/Recursos_Web/Culturales/teatro/Prensa/ABC17191.pdf</a>
Texto de enlace Versión en línea
Nota pública (Fundación Juan March)
903 ## - NOMBRE PERSONAL DE DONANTE
9 32421
a Buero Vallejo, Antonio,
q 1
d 1916-2000
e Donante
942 ## - ELEMENTOS DE ENTRADA SECUNDARIOS (KOHA)
Suprimir en OPAC No
Tipo de ítem Koha Folleto
Holdings
Estatus retirado Estado de pérdida Fuente del sistema de clasificación o colocación Estado de daño No para préstamo Colección Biblioteca de origen Biblioteca actual Ubicación en estantería Fecha de adquisición Fuente de adquisición Total de préstamos Signatura topográfica completa Código de barras Visto por última vez Tipo de ítem Koha
    Clasificación decimal universal     Colección digital Biblioteca del Ateneo de Madrid Biblioteca del Ateneo de Madrid Depósito folletos 03/10/2024 Legado   FOLL-BUE-11 101229041 03/10/2024 Folleto